2023 FIFA Women’s World Cup Countries - Statistics

General Stats
  • This quiz has been taken 271 times
    183 since last reset
  • The average score is 25 of 32
Answer Stats
Team % Correct
Australia
96%
Spain
95%
United States
95%
England
94%
Germany
91%
New Zealand
91%
Japan
90%
Canada
89%
Sweden
89%
France
88%
Brazil
86%
China
86%
Norway
85%
Portugal
85%
Argentina
83%
Netherlands
83%
Denmark
81%
South Korea
80%
Colombia
79%
Italy
79%
Republic of Ireland
77%
Nigeria
76%
Switzerland
75%
Morocco
72%
South Africa
70%
Jamaica
57%
Haiti
56%
Costa Rica
54%
Panama
54%
Vietnam
52%
Zambia
52%
Philippines
46%
No matching quizzes found
Score Distribution
Percent of People with Each Score
Percentile by Number Answered
Your Score History
You have not taken this quiz since the last reset